<?xml version="1.0" encoding="UTF-8"?>
<collection xmlns="http://www.loc.gov/MARC21/slim">
 <record>
  <leader>00205pamaa2200109   4500</leader>
  <controlfield tag="001">0000053248</controlfield>
  <controlfield tag="005">20150107090000.0</controlfield>
  <datafield tag="245" ind1="1" ind2="0">
   <subfield code="a">Socket.</subfield>
  </datafield>
  <datafield tag="300" ind1=" " ind2=" ">
   <subfield code="a">1.</subfield>
  </datafield>
  <datafield tag="650" ind1="0" ind2="0">
   <subfield code="a">Socket </subfield>
  </datafield>
  <datafield tag="650" ind1="0" ind2="0">
   <subfield code="a">Extension plug </subfield>
  </datafield>
  <datafield tag="901" ind1=" " ind2=" ">
   <subfield code="u">http://www.</subfield>
  </datafield>
 </record>
</collection>
